000 00287nam a22001337a 4500
020 _a978-0-241-33414-0
082 _a920
_bOBA/B
100 _aOBAMA,MICHELLE
245 _aBECOMING
260 _aUK
_bPENGUIN BOOKS
300 _a426
650 _aLIFE OF MICHELLE OBAMA
_zUK
942 _cBK
999 _c5754
_d5754